| 000 | 00860nam a2200241Ia 4500 | ||
|---|---|---|---|
| 003 | URS | ||
| 005 | 20250429222722.0 | ||
| 008 | 240418s9999 xx 000 0 und d | ||
| 020 | _a9786214182343 (pbk.) | ||
| 040 |
_bEnglish _cURS _erda |
||
| 050 |
_aDS675.8.R66 _bAy88 2022 |
||
| 100 |
_aAyson, Eric D.G., _eauthor. |
||
| 245 | 0 |
_aAng Bayani : _bThe Life, Works, Writing and Travels of Dr. Jose P. Rizal / _cEric D.G. Ayson. |
|
| 264 |
_aQuezon City : _bWiseman's Books Trading, Inc. ; _c©2022. |
||
| 300 |
_aviii, 136 pages : _billustrations ; _c22 cm. |
||
| 336 |
_atext _btxt _2rdacontent |
||
| 337 |
_aunmediated _bn _2rdamedia |
||
| 338 |
_avolume _bnc _2rdacarrier |
||
| 504 | _aIncludes bibliographical references. | ||
| 650 | 0 |
_aRizal, Jose, 1861-1896 _xJuvenile literature. _96184 |
|
| 650 | 0 |
_aHeroes _zPhilippines _xBiography. _92889 |
|
| 942 |
_cF _2lcc |
||
| 999 |
_c78928 _d78927 |
||